书目信息 |
| 题名: |
建筑编码
|
|
| 作者: | 格莱尼哲 , 瓦赫里奥提斯 编 ;宋昆 , 孙晓晖 , 李德新 译 | |
| 分册: | ||
| 出版信息: | 武汉 华中科技大学出版社 2014 |
|
| 页数: | 114页 | |
| 开本: | 20cm | |
| 丛书名: | ||
| 单 册: | ||
| 中图分类: | TU-0 | |
| 科图分类: | ||
| 主题词: | 建筑学 | |
| 电子资源: | ||
| ISBN: | 978-7-5609-9507-6 | |
| 000 | 01126nam 2200301 450 | |
| 001 | 012015000111 | |
| 005 | 20151130144349.23 | |
| 010 | @a978-7-5609-9507-6@dCNY29.80 | |
| 100 | @a20140429d2014 em y0chiy50 ea | |
| 101 | 1 | @achi@cger |
| 102 | @aCN@b420000 | |
| 105 | @aa z 000yy | |
| 106 | @ar | |
| 200 | 1 | @a建筑编码@Ajian zhu bian ma@e操作与叙述之间@f安德里娅·格莱尼哲,格奥尔格·瓦赫里奥提斯编@g宋昆,孙晓晖,李德新译 |
| 210 | @a武汉@c华中科技大学出版社@d2014 | |
| 215 | @a114页@c图@d20cm | |
| 300 | @a情境建筑学 | |
| 330 | @a本书收录了6篇文章,从不同的视角分析了“编码”概念的建筑理论相关性。内容包括:用编码讲故事、编码与机器、从语义学视角思考建筑编码、风格还是编码——论当下建筑表达的范型等。 | |
| 517 | 1 | @a操作与叙述之间@Acao zuo yu xu shu zhi jian |
| 606 | 0 | @a建筑学 |
| 690 | @aTU-0@v5 | |
| 701 | 1 | @c(瑞士)@a格莱尼哲@Age lai ni zhe@b安德里娅@4编 |
| 701 | 1 | @c(瑞士)@a瓦赫里奥提斯@Awa he li ao ti si@b格奥尔格@4编 |
| 702 | 0 | @a宋昆@Asong kun@4译 |
| 702 | 0 | @a孙晓晖@Asun xiao hui@4译 |
| 702 | 0 | @a李德新@Ali de xin@4译 |
| 801 | 0 | @aCN@b碧洲教育@c20151127 |
| 905 | @a10447@f2@dTU-0@e121 | |
| 建筑编码:操作与叙述之间/安德里娅·格莱尼哲,格奥尔格·瓦赫里奥提斯编/宋昆,孙晓晖,李德新译.-武汉:华中科技大学出版社,2014 |
| 114页:图;20cm |
| 情境建筑学 |
| ISBN 978-7-5609-9507-6:CNY29.80 |
| 本书收录了6篇文章,从不同的视角分析了“编码”概念的建筑理论相关性。内容包括:用编码讲故事、编码与机器、从语义学视角思考建筑编码、风格还是编码——论当下建筑表达的范型等。 |
| ● |
| 相关链接 |
|
|
|
|
正题名:建筑编码
索取号:TU-0/121
 
预约/预借
| 序号 | 登录号 | 条形码 | 馆藏地/架位号 | 状态 | 备注 |
| 1 | 0871861 | 208718618 | 第二样本阅览室/ [索取号:TU-0/121] | 在馆 | |
| 2 | 0871862 | 208718627 | 第三借阅区/ [索取号:TU-0/121] | 在馆 |